01009nam a2200229Ia 4500003000900000008004100009020001800050040001600068080002200084111009600106245016300202260006100365300001600426490003400442650004500476650005600521700003300577710004600610942000700656999001700663952009900680IN-BaIIA211028s9999 xx 000 0 eng d a1-58381-209-1 cIIA Library a082.2:52bASP-342 aMeeting on 1604-2004- Supernovae as Cosmological LighthousescItalyd2004 June 15-19930842 0a1604-2004- supernovae as cosmological lighthousesbproceedings of a meeting held in Padova, Italy, 15-19 June, 2004cedited by Massimo Turatto  aSan FranciscobAstronomical Society of the Pacificc2005 axxiv, 512p. aASP conference series; v. 342 aCosmological distances-congresses930843 aSupernovae as distance indicators-congresses930844 aTuratto, Massimo, ed.930845 aAstronomical Society of the Pacific91154 cBK c16584d16584 00104070aBANbHOScGENd2007-08-17l0o082.2:52/ ASP-342p17506r2021-11-05w2007-08-17yBK